| 000 | 00644nam a2200205 4500 | ||
|---|---|---|---|
| 001 | 126682 | ||
| 003 | ES-MaACL | ||
| 005 | 20250910173447.0 | ||
| 007 | t| | ||
| 008 | 070214s1947 sp r ||||1| spa d | ||
| 100 | 0 |
_aRévész, Andrés. _996422 |
|
| 245 | 1 | 3 |
_aLa vida patética de Eleonora Duse / _cAndrés Révész ; prólogo de Walter Starkie. |
| 260 |
_aBarcelona : _bIberia, _c1947. |
||
| 300 |
_a195 p., 16 lám. ; _c20 cm. |
||
| 490 | 1 | _aLa estrella del mar | |
| 700 | 1 |
_aStarkie, Walter, _d1894-1976 _9107933 |
|
| 830 | 0 |
_aLa estrella del mar _9186683 |
|
| 852 |
_aES-MaACL _jC-5601 _bR.26018 |
||
| 999 |
_c126682 _d126682 |
||